Catálogo

EL PODER Y EL DESARROLLO SECUNDARIO EN LA AMERICA LATINA (Registro nro. 33584)

Detalles MARC
000 -LEADER
fixed length control field 00533nam a2200181 a 4500
001 - CONTROL NUMBER
control field 33584
005 - DATE AND TIME OF LATEST TRANSACTION
control field 20180714001533.0
008 - FIXED-LENGTH DATA ELEMENTS--GENERAL INFORMATION
fixed length control field 140415s1971 mx 000 0 spa d
041 ## - LANGUAGE CODE
Language code of text/sound track or separate title spa
082 ## - DEWEY DECIMAL CLASSIFICATION NUMBER
Classification number 306.6
Item number ADA
100 1# - MAIN ENTRY--PERSONAL NAME
Personal name ADAMS, RICHARD NEWBOLD
245 13 - TITLE STATEMENT
Title EL PODER Y EL DESARROLLO SECUNDARIO EN LA AMERICA LATINA
250 ## - EDITION STATEMENT
Edition statement 1a ed.
260 ## - PUBLICATION, DISTRIBUTION, ETC.
Place of publication, distribution, etc. MEXICO :
Name of publisher, distributor, etc. ROBLE,
Date of publication, distribution, etc. 1971
300 ## - PHYSICAL DESCRIPTION
Extent 280
650 14 - SUBJECT ADDED ENTRY--TOPICAL TERM
Topical term or geographic name entry element AMERICA LATINA
General subdivision DESARROLLO ECONOMICO
-- CULTURA
-- AMERICA LATINA
700 1# - ADDED ENTRY--PERSONAL NAME
Personal name ESPARZA, ALFONSO
Relator term tr.
Existencias
Withdrawn status Lost status Source of classification or shelving scheme Damaged status Not for loan Collection code Home library Current library Shelving location Date acquired Source of acquisition Inventory number Total Checkouts Full call number Barcode Date last seen Price effective from Koha item type
    Dewey Decimal Classification     General Biblioteca Karol Wojtyla Biblioteca Karol Wojtyla Sala general 03/12/2013 Compra 151000000000000000053534   306.6 ADA 5112 05/01/2026 03/12/2013 Libro